Тенденции и характеристика сдвигов в технологическом комплексе российской экономики; Вестник Томского государственного университета. Экономика; № 3

Dades bibliogràfiques
Parent link:Вестник Томского государственного университета. Экономика.— , 2007-
№ 3.— 2011.— C. 12-18
Autor principal: Барышева Г. А. Галина Анзельмовна
Altres autors: Васечко Д. Ю.
Sumari:Главная задача структурной модернизации заключается в выводе экономики на новый уровень технологического развития. Текущую динамику технологических сдвигов следует увязывать с понижением удельного веса сырьевых отраслей, с развитием инновационных и потребительских отраслей, с подготовкой условий для проведения структурной модернизации. Приоритетным должно стать создание межотраслевых технологических систем на основе инновационных кластеров, генерирующих идеи и их коммерциализацию с постепенным формированием целостной технологической системы - базы инновационного развития экономики.
В фонде НТБ ТПУ отсутствует
Idioma:rus
Publicat: 2011
Matèries:
Format: MixedMaterials Capítol de llibre
KOHA link:https://koha.lib.tpu.ru/cgi-bin/koha/opac-detail.pl?biblionumber=598872

MARC

LEADER 00000naa0a2200000 4500
001 598872
005 20250404105147.0
035 |a (RuTPU)RU\TPU\tpu\22675 
035 |a RU\TPU\tpu\22672 
090 |a 598872 
100 |a 20130211d2011 k||y0rusy50 ca 
101 0 |a rus 
102 |a RU 
200 1 |a Тенденции и характеристика сдвигов в технологическом комплексе российской экономики  |f Г. А. Барышева, Д. Ю. Васечко 
320 |a Библиогр.: с. 18 (3 назв.) 
330 |a Главная задача структурной модернизации заключается в выводе экономики на новый уровень технологического развития. Текущую динамику технологических сдвигов следует увязывать с понижением удельного веса сырьевых отраслей, с развитием инновационных и потребительских отраслей, с подготовкой условий для проведения структурной модернизации. Приоритетным должно стать создание межотраслевых технологических систем на основе инновационных кластеров, генерирующих идеи и их коммерциализацию с постепенным формированием целостной технологической системы - базы инновационного развития экономики. 
333 |a В фонде НТБ ТПУ отсутствует 
461 |t Вестник Томского государственного университета. Экономика  |d 2007- 
463 |t № 3  |v C. 12-18  |d 2011 
610 1 |a труды учёных ТПУ 
700 1 |a Барышева  |b Г. А.  |c экономист  |c профессор Томского политехнического университета, доктор экономических наук  |f 1961-  |g Галина Анзельмовна  |3 (RuTPU)RU\TPU\pers\25765  |9 11658 
701 1 |a Васечко  |b Д. Ю. 
801 1 |a RU  |b 63413507  |c 20120620 
801 2 |a RU  |b 63413507  |c 20130211  |g RCR 
942 |c CR